000 00552nam a2200193Ia 4500
005 20250923145300.0
008 008 250917s9999 xx 000 0 eng d
037 _aTextual
040 _aDSWL
_beng
_cDSWL
041 _aeng
_2eng
084 _aYX;5m72 N73
_qDSWL
245 0 _aCanadian Welfare
_cby Canadian Council on Social development
260 _aOttawa
_bCanadian Council on Social development
_c1973
365 _aUSD
_b4.5
490 _vVol.49
925 _g4.5
942 _cTEXL
_hYX;5m72 N73
999 _c1449440
_d1449440